Fidel /

保存先:
書誌詳細
第一著者: Bosch, Adriana (realización)
その他の著者: Sánchez, Andrés (fotógrafo) (fotógrafo), Neuburger, Jon (montaje) (montaje), Daring, Mason (música) (música), Stiers, David Ogden (conducción) (conducción)
フォーマット: スライド
言語:スペイン語
出版事項: Boston, EUA : WGBH Educational Foundation, 2004, c2004
México : Tycoon [dist.], copyright fecha no identificada
主題:
タグ: タグ追加
タグなし, このレコードへの初めてのタグを付けませんか!

MARC

LEADER 00000ngm^a2200000^a^4500
001 000311354
005 20250521000000.0
009 20260310113043.441
037 |a Acervo ITESO - Biblioteca 
041 |a ESP 
082 |a 320. 97291064  |b BOS 
100 |a Bosch, Adriana  |e (realización) 
240 1 1 |a [American Experience] 
245 1 0 |a Fidel /  |c Realización de A. Bosch. 
246 2 |a Título en la pantalla: Fidel Castro 
264 4 |a Boston, EUA :  |b WGBH Educational Foundation,  |c 2004, c2004 
264 4 |a México :  |b Tycoon [dist.],  |c copyright fecha no identificada 
300 |a 1 DVD regiones 1 y 4  |c (100 min.) 
336 |a imagen móvil bidimensional  |b tdi  |2 rdacontenido 
337 |a video  |b v  |2 rdamedio 
338 |a videodisco  |b vd  |2 rdasoporte 
500 |a Traducción de: Castro 
546 |a Doblaje opcional: español 
649 |a XX 
650 |a Jefes de Estado Cubanos -  |x Biografías 
650 |a Políticos Cubanos -  |x Biografías 
650 |a Documentales 
650 |a Televisión -  |z EUA -  |y 2000-2009 
650 |a Televisión -  |z EUA -  |y Siglo XXI 
650 |a Relaciones Internacionales -  |z Cuba-EUA -  |x Historia 
650 |a Relaciones Internacionales -  |z Cuba-Rusia -  |x Historia 
650 |a Cuba -  |x Condiciones Políticas 
650 |a Política -  |z Cuba -  |x Historia -  |y 1959-2006 
650 |a Política -  |z Cuba -  |x Historia -  |y Siglo XX 
650 |a Castro Ruz, Fidel -  |x Tema Principal 
740 0 |a Castro /  |c Realización de A. Bosch. 
700 |a Sánchez, Andrés  |e (fotógrafo) 
700 |a Neuburger, Jon  |e (montaje) 
700 |a Daring, Mason  |e (música) 
700 |a Stiers, David Ogden  |e (conducción) 
910 |a Fondo General 
920 |a Audiovisuales - DVDs 
940 |a Películas 
905 |a 302 
901 |a 0500183637  |b IT2  |c DVS  |i C117224  |u 20250521 
902 |a https://opac.biblio.iteso.mx/vufind/Record/000311354